Cirkevne Dejiny 1. časť - Statistics

General Stats
  • This quiz has been taken 19 times
  • The average score is 24 of 29
Answer Stats
NÁZOV ROK % Correct
Nicejský snem / I. Všeobecný snem 325
100%
Obrátenie Sv. Pavla 38
100%
Apoštolský snem 50
100%
Uväznenie Pavla Nerom 66
100%
Smrť Pavla 67
100%
Prvá Misijná Cesta Sv. ap. Pavla 45-49
89%
Druhá Misijná Cesta Sv. ap. Pavla 50-53
89%
Tretia Misijná Cesta Sv. ap. Pavla 53-58
89%
Syn je podriadený otcovi, je inej podstaty ako otec. Arianizmus
89%
Rodisko Apoštola Pavla Tarzus
89%
Povstanie Makabejcov 142 BC
78%
I. Konštantínopolský snem / II. Všeobecný snem v Carihrade 381
78%
III. Všeobecný snem v Efeze 431
78%
Pavol v Antiochii 43-44
78%
IV. Všeobecný snem v Chalcedóne 451
78%
V. Všeobecný snem v Carihrade 553
78%
Ovládnutie Palestíny Pompeiom 63 BC
78%
Mená apoštolov pomôcka (4 slová) jajaja jujupe šimaon tofiba
78%
Židovské starožitnosti, "veľký človek ak ho možno nazvať človekom" Jozef Flavius
78%
Sv. Duch je nižšou osobou v Sv. Trojici Macedonianizmus
78%
Kristova ľudská podstata zanikla po vtelení, ostáva len Božská prirodzenosť.Kristus teda trpel ako Boh, čo nie je možné. Monofyzitizmus
78%
Jedna vôľa a energia v Kristovi. Dve prirodzenosti ale skrze ich úzke prepojenie, možno hovoriť len o jednom konaní. Monoteletizmus
78%
Obe prirodzenosti Krista sú spojené len morálneBohorodička je len človekorodičkou. Nestorianizmus
78%
Miestodržiteľ v Malej Ázií, pýta sa cisára Trajána čo robiť s KRESŤANMI Plínius
78%
Píše o nezhodách medzi židmi o nejakom CHRESTOVI Suetonius
78%
Annales, situácia v období cisára Nera, spája požiar Ríma s Kresťanmi Tacitus
78%
Ježiš je čarodejník, rúha sa, odsúdili ho na smrť Talmud
78%
VI. Všeobecný snem v Carihrade 680-681
67%
Božská podstata Krista ovládla tú ľudskú, využitie Platónovho tritochozmu(telo, nižšia duša(oživuje telo), vyššia duša(oddelenie človeka od zvierat)). Rozumnú dušu u neho zastupovalo samotné Božstvo. Apolinarizmus
67%
No matching quizzes found
Score Distribution
Percent of People with Each Score
Percentile by Number Answered
Your Score History
You have not taken this quiz